| 000 | 00546nam a22001577a 4500 | ||
|---|---|---|---|
| 003 | 0 | ||
| 005 | 20230811134821.0 | ||
| 008 | 230811b xxu||||| |||| 00| 0 eng d | ||
| 020 | _a978-971-560-900-7 | ||
| 050 |
_aPL 6062.4 _b.Ar83 2022 |
||
| 245 |
_aAruga : mga sanaysay ng pagtanggap at paglingap _cRommel B. Rodriguez, Ferdinand P. Jarin, mga editor |
||
| 260 |
_aManila _bUniversity of Santo Tomas Publishing House _cc2022. |
||
| 300 |
_axviii, 278 pp. ; _c23 cm. |
||
| 650 | _aPhilippine essays (Filipino) - Collections. | ||
| 942 |
_2lcc _cBK |
||
| 999 |
_c365134 _d365134 |
||